000 00633cam a22002173a 4500
001 38879
003 PGUSA
005 20140828083847.0
008 120214s2012||||xxu|||||s|||||000 | eng d
040 _aPGUSA
_beng
042 _adc
100 1 _aSharpe, Edmund
245 1 4 _aThe Seven Periods of English Architecture :
_bDefined and Illustrated
_h[electronic resource] /
_cEdmund Sharpe
260 _bProject Gutenberg,
_c2012
506 _aPublic domain in the USA.
516 _aElectronic text
700 1 _aAustin, T.
830 0 _aProject Gutenberg
_v38879
856 4 0 _uhttp://www.gutenberg.org/ebooks/38879
942 _cEB
999 _c268133
_d268133